书目信息 |
| 题名: |
为你自己读书
|
|
| 作者: | 庄园 著 | |
| 分册: | ||
| 出版信息: | 北京 中国华侨出版社 2021 |
|
| 页数: | 244页 | |
| 开本: | 21cm | |
| 丛书名: | 侨见悦读汇 | |
| 单 册: | ||
| 中图分类: | G792-49 , G792 | |
| 科图分类: | ||
| 主题词: | 读书方法--青少年读物 | |
| 电子资源: | ||
| ISBN: | 978-7-5113-8336-5 | |
| 000 | 00637oam2 2200241 450 | |
| 001 | 2171461467 | |
| 005 | 20211113194756.64 | |
| 010 | @a978-7-5113-8336-5@dCNY38.00 | |
| 100 | @a20210305d2021 em y0chiy50 ea | |
| 101 | 0 | @achi |
| 102 | @aCN@b110000 | |
| 105 | @ay z 000yy | |
| 200 | 1 | @a为你自己读书@9wei ni zi ji du shu@f庄园著 |
| 210 | @a北京@c中国华侨出版社@d2021 | |
| 215 | @a244页@d21cm | |
| 225 | 2 | @a侨见悦读汇 |
| 461 | 0 | @12001 @a侨见悦读汇 |
| 606 | 0 | @a读书方法@j青少年读物 |
| 690 | @aG792-49@v5 | |
| 690 | @aG792@v4 | |
| 701 | 0 | @a庄园@9zhuang yuan@4著 |
| 801 | 0 | @aCN@b91MARC@c20210317 |
| 905 | @aZUCC@dG792@e36 | |
| 为你自己读书/庄园著.-北京:中国华侨出版社,2021 |
| 244页;21cm.-(侨见悦读汇) |
| ISBN 978-7-5113-8336-5:CNY38.00 |
| ● |
| 相关链接 |
|
|
|
正题名:为你自己读书
索取号:G792/36
 
预约/预借
| 序号 | 登录号 | 条形码 | 馆藏地/架位号 | 状态 | 备注 |
| 1 | 2000885425 | 2000885425 | 第二书库/ [索取号:G792/36] | 在馆 | |
| 2 | 2000885426 | 2000885426 | 第二书库/ [索取号:G792/36] | 在馆 | |
| 3 | 2000885427 | 2000885427 | 第二书库/ [索取号:G792/36] | 在馆 |